000 00251nam a22001097a 4500
082 _a624.171BRE
100 _aBrebbia
245 _aBoundary elements technologies in engineering
260 _aLondon
_bButter worths
_c1980
300 _a210
942 _cBK
999 _c12012
_d12012